| 000 | 00429nam a2200157 i 4500 | ||
|---|---|---|---|
| 001 | 88170 | ||
| 003 | ES-MaACL | ||
| 005 | 20230906175820.0 | ||
| 007 | t| | ||
| 008 | 050103s1967 sp ||||1| spa d | ||
| 100 | 1 |
_aLafuerza, N. D. _969547 |
|
| 245 | 1 | 0 |
_aNegocios y angustias _b: cómo evitarlas / _cN.D. Lafuerza. |
| 260 |
_aBarcelona : _b[s.n., _c1967] |
||
| 300 |
_a128 p. ; _c19 cm. |
||
| 852 |
_aES-MaACL _jC-33226 _bR.64018 |
||
| 999 |
_c88170 _d88170 |
||